Tatabánya településföldrajza

Elmentve itt :
Bibliográfiai részletek
Szerző: Haintz Endre
További közreműködők: nincs megadva (Témavezető)
Dokumentumtípus: Disszertáció
Megjelent: 1968
Kulcsszavak:Településföldrajz
Tárgyszavak:
Online Access:http://doktori.ek.szte.hu/9137
LEADER 00682nta a2200205 i 4500
001 dokt9137
005 20240124093902.0
008 240124s1968 hu om 000 hun d
040 |a SZTE Doktori Repozitórium  |b hun 
041 |a hun 
100 1 |a Haintz Endre 
245 1 0 |a Tatabánya településföldrajza  |h [elektronikus dokumentum] /  |c  Haintz Endre 
260 |c 1968 
502 |a Disszertacio 
650 4 |a földtudományok 
650 4 |a Föld- és kapcsolódó környezettudományok 
650 4 |a Természetföldrajz 
695 |a Településföldrajz 
700 0 1 |a nincs megadva  |e ths 
856 4 0 |u https://doktori.bibl.u-szeged.hu/id/eprint/9137/1/1968_haintz_endre.pdf  |z Dokumentum-elérés